00927cam a22002291 4500001001300000003000400013005001700017008004100034010001700075035001900092040005300111050002700164051001400191100005600205245005600261260004300317300003700360490005600397500005000453501017900503650001500682e 17001189 DLC20260227111208.0790412s1917 dcua 000 0 eng c ae 17001189  a(OCoLC)4848791 aLibrary, U.S. Bur. of EducationcOCldOCoLCdDLC00aL111b.A6 1917, no. 22 aLB41b.E41 aEllis, A. Caswellq(Alexander Caswell),d1871-1948.14aThe money value of education,cby A. Caswell Ellis. aWashington,bGovt. print. off.,c1917. a2 p. l., 3-52 p.billus.c23 cm.0 a[U.S.] Bureau of education. Bulletin, 1917,vno. 22 aAt head of title: Department of the interior. aL111.A6 with: Studies in higher education in England and Scotland / George Edwin MacLean. Washington : Govt. Print. Off., 1917. Bound together subsequent to publication.5DLC 0aEducation.